Movies Quiz

Random Movies or Quote Quiz

Title Drops Quiz Stats

Quiz Updated Mar 8, 2012

Challenge
Share
Tweet
Embed
Score 0/18 Timer 06:00
0 Plays Today
Quote Title % Correct
If we could somehow... *harness* this lightning... *channel* it... into the flux capacitor... it just might work. Next Saturday night, we're sending you _____!Back to the Future
84.9%
I could shoot all the blue jays I wanted - if I could hit 'em; but to remember it's a sin _____.To Kill a Mockingbird
72.2%
So we'll hunt him because he can take it. Because he's not our hero. He's a silent guardian, a watchful protector. _____.The Dark Knight
63.4%
We will not vanish without a fight! We're going to live on! We're going to survive! Today we celebrate our _____!Independence Day
60.7%
What we found out is that each one of us is a brain, and an athlete, and a basket case, a princess, and a criminal. Does that answer your question? Sincerely yours, _____.The Breakfast Club
52.8%
Are those... live rounds? / Seven-six-two millimeter. _____.Full Metal Jacket
37.6%
People say that it can't work, black and white. Here, we make it work every day. We still have our disagreements, of course, but before we reach for hate, always, always, we _____.Remember the Titans
31.3%
These drug cartels represent a _____ to the national security of the United States.Clear and Present Danger
28.9%
Forget it, Jake. It's _____.Chinatown
24.9%
Quote Title % Correct
Tell them to be patient and ask death for speed; for they are all there but one - I, Chingachgook - _____.The Last of the Mohicans
24.6%
If you look for it, I've got a sneaking suspicion... _____ is all around. Love Actually
24.5%
Someday we might look back on this and decide that _____ was the one decent thing we were able to pull out of this whole godawful, s***ty mess.Saving Private Ryan
18.2%
What if this is _____? As Good as It Gets
17.2%
Well, whatever you call them, Champion City will forever owe a debt of gratitude to these _____.Mystery Men
13%
There are eight million stories in_____. This has been one of them.'The Naked City
9.2%
How happy is the blameless vestal's lot! / The world forgetting, by the world forgot / _____ / Each pray'r accepted, and each wish resign'd. Eternal Sunshine of the Spotless Mind
6.9%
And if that girl's only hope is you, well, I pray for her, because she's _____.Gone Baby Gone
5.4%
Remember the wisdom of Solomon in the book of Proverbs. 'He that troubleth his own house shall ______.'Inherit the Wind
4.8%

You're not logged in!

Compare scores with friends on all Sporcle quizzes.
Join for Free
OR
Log In

You Might Also Like...

Show Comments

Extras

Top Quizzes Today


Score Distribution

Your Account Isn't Verified!

In order to create a playlist on Sporcle, you need to verify the email address you used during registration. Go to your Sporcle Settings to finish the process.

Report this User

Report this user for behavior that violates our Community Guidelines.

Details: